UK Football Teams by Their Nicknames - Statistics

General Stats
  • This quiz has been taken 252 times
  • The average score is 7 of 10
Answer Stats
Hint Answer % Correct
The Red Devils Manchester United
93%
The Reds Liverpool
88%
The Seagulls Brighton
86%
The Toffees Everton
85%
The Bees Brentford
76%
The Cherries Bournemouth
72%
The Hornets Watford
65%
The Baggies West Bromwich Albion
65%
The Stags Mansfield Town
35%
The Honest Men Ayr United
9%
No matching quizzes found
Score Distribution
Percent of People with Each Score
Percentile by Number Answered
Your Score History
You have not taken this quiz